Kitāb niẓām al-gharīb /

محفوظ في:

المؤلف الرئيسي: Rabaʻī, ʻĪsá ibn Ibrāhīm, -1087 or 1088 (مؤلف)

مؤلفون آخرون: Brönnle, Paul

التنسيق: كتاب

اللغة: Arabic

منشور في: Miṣr : Maṭbaʻat Hindīyah, [19--].

الموضوعات:

الوسوم: إضافة وسم

لا توجد وسوم, كن أول من يضع وسما على هذه التسجيلة!

رقم الطلب: PJ6190 .R32 19--

LEADER 01143nam a2200241Ia 4500
003 OSt
005 20230927113027.0
008 130303m19009999ua 000 0 ara d
952 |0 0  |1 0  |2 lcc  |4 0  |6 PJ6190 R32  |7 1  |9 50263  |a ARCE  |b ARCE  |d 2023-09-27  |l 0  |o PJ6190 .R32   |p 1029135  |r 2023-09-27 00:00:00  |w 2023-09-27  |y BK 
999 |c 29975  |d 29975 
040 |c ARCE Library 
050 4 |a PJ6190 .R32 19-- 
100 1 |6 880-01  |a Rabaʻī, ʻĪsá ibn Ibrāhīm,  |d -1087 or 1088,  |e author 
245 1 0 |6 880-02  |a Kitāb niẓām al-gharīb /  |c ʻĪsá ibn Ibrāhīm al-Rabaʻī. 
264 1 |a Miṣr :  |b Maṭbaʻat Hindīyah,   |c [19--]. 
300 |a 311 pages ;   |c 22 cm. 
650 0 |a Arabic language  |v Glossaries, vocabularies, etc. 
700 1 |a Brönnle, Paul,   |9 27425 
740 0 |a Niẓām al-gharīb. 
880 1 |6 100-01/(3/r  |a ربعي، عيسى بن ابراهيم،‪‪‪‪‪‪‪‪‪‪‪‪‪‪‪‪‪‪‪‪‪  |d -1087 أو 1088.‪‪‪‪‪‪‪‪‪‪‪‪‪‪‪‪‪‪‪‪‪ 
880 1 0 |6 245-02/(3/r  |a كتاب نظام الغريب   |c عيسى بن إبراهيم بن محمد الربعي  
901 |a reviewed 
942 |c BK  |2 lcc